000 00938nam a2200265Ia 4500
003 OSt
005 20221005111440.0
006 a|||||r|||| 00| 0
007 ta
008 221004b |||||||| |||| 00| 0 hin d
020 _a8181432126 (hbk)
_c200
024 _a104661
037 _b372, 17/02/2011, Vani Prakashan
_cTextual
040 _aCRL
_cCRL
_bhin
041 _2hin
_ahin
082 _aO152,6N373x, P4
100 _aशाह, रमेश चंद्र
_9157821
245 0 _aहिंदी की दुनिया में
246 _aHiandī kī duniyā mean
260 _aनई दिल्ली
_bवाणी प्रकाशन भारत
_c2004
300 _a188पृ0
_ccm.
650 _aहिन्दी साहित्य
942 _hO152,6N373x, P4
_cTEXL
_2cc
999 _c1021864
_d1021864